Fishing techniques

Zapisane w:
Opis bibliograficzny
1. autor: Masatsune Nomura
Format: Książka
Język:Undetermined
Wydane: Tokyo, JP Japan International Cooperation Agency 1975
Hasła przedmiotowe:
Etykiety: Dodaj etykietę
Nie ma etykietki, Dołącz pierwszą etykiete!
Thư viện lưu trữ: Trung tâm Học liệu Trường Đại học Cần Thơ
LEADER 00541nam a2200193Ia 4500
001 CTU_58199
008 210402s9999 xx 000 0 und d
082 |a 639.2 
082 |b N811 
100 |a Masatsune Nomura 
245 0 |a Fishing techniques 
245 0 |c Masatsune Nomura 
260 |a Tokyo, JP 
260 |b Japan International Cooperation Agency 
260 |c 1975 
650 |a fishing,fishing equipment industry 
650 |x equipment and supplies 
904 |i Minh 
980 |a Trung tâm Học liệu Trường Đại học Cần Thơ